Caribbean History (A-Z) Quiz Stats

 Plays Quiz Updated Aug 3, 2017

Support Sporcle.
Go Orange.
Score 0/26 Timer 07:00
1 Play Today
Hint Answer % Correct
This country ruled the U.S. Virgin Islands from 1672 until 1917, when they sold the territory to the United States.DENMARK
85.6%
When Christopher Columbus landed on this island in 1494, it was probably at Discovery Bay.JAMAICA
80.3%
On August 15, 1914, the SS Ancon became the first ship to pass through this, one of the Seven Wonders of the Modern World.PANAMA CANAL
74.2%
This style of music, which combines mento and calypso sounds with jazz and R&B, developed in 1960s Jamaica.REGGAE
73.7%
This peninsula is home to several important Mayan sites, including Chichen Itza, Tulum, and Uxmal.YUCATÁN
72.7%
This capital city was founded to serve as the new home for survivors of the 1692 earthquake that destroyed Port Royal.KINGSTON
72.5%
This religion arrived in Trinidad and Tobago in 1845; it now represents about a quarter of the population.HINDUISM
66.4%
This European royal became Governor of the Bahamas in August 1940 following his abdication.EDWARD VIII, The Duke of Windsor
60%
From 1703-1718, this capital city was the center of a successful pirate republic that served as the base of Blackbeard, Anne Bonny, and many others.NASSAU
58.8%
The historic presbytery of La Plaine, Dominica is named for St. Francis ______.XAVIER
58.8%
Sephardic Jews sought refuge on this southern island, part of the former Netherlands Antilles, during the Inquisition and became an important part of the local culture.CURAÇAO
55.4%
North of the Windward Islands, this island group had the most significant regional resistance to the British Stamp Act.LEEWARD ISLANDS
38.4%
The US CIA codenamed the 1961 Bay of Pigs invasion 'Operation ______' after this nearby peninsula which shares its name with a leading figure in the Mexican revolution.ZAPATA
37.4%
Hint Answer % Correct
The 1995-1997 eruption of the Soufrière Hills volcano destroyed this British Overseas Territory's capital of Plymouth.MONTSERRAT
34.8%
This controversial politician was inaugurated as Haiti's first democratically-elected president in February 1991.Jean-Bertrand ARISTIDE
31%
All independent states in the region are members of this Washington, D.C.-headquartered body, founded in 1948 to focus exclusively on hemispheric concerns.ORGANIZATION OF AMERICAN STATES
29.4%
The storm surge from this 2004 Category 5 hurricane was so severe that 83% of homes on Grand Cayman had significant water damage.IVAN
28.6%
This northern grouping of islands, representing 90% of both the land mass and population of the West Indies, was the first area explored by Europeans.GREATER ANTILLES
28.1%
This explorer described Aruba as an 'island of giants,' referring to the comparatively large stature of the native Caquetíos compared to Europeans.Amerigo VESPUCCI
27.9%
Predecessor to Chiquita, this fruit company operated a fleet of 'banana boats' that doubled as tourist transportation in the early and mid-20th century.UNITED FRUIT COMPANY
21.9%
Slavery was abolished on this island in 1848 -- but only on half of it.SINT MAARTEN
21.5%
This Mexican state, known to tourists for Cozumel, is home to Mayan sites like Chacchoben and Muyil.QUINTANA ROO
20.5%
Upon arrival on Cuba and Hispaniola, Columbus and his crew made contact with these indigenous people.TAÍNO
19.8%
In October 1983, the United States led a UN-condemned anti-Communist invasion of Grenada known as Operation Urgent ____.FURY
15%
Port of Spain, Trinidad and Tobago was the capital of this short-lived regional political federation of colonies seeking independence from the UK.WEST INDIES FEDERATION
9.4%
Term for the occupations, police actions, and military interventions by the US between the end of the Spanish–American War and the inception of the Good Neighbor Policy in 1934.BANANA WARS
7.7%

You're not logged in!

Compare scores with friends on all Sporcle quizzes.
OR
Log In
Forgot?

From the Vault

Things Y'all Gon' Make DMX Do

by have_a_nice_day

Y'all gon' make DMX real mad if you don't give this a shot.
Remove Ads.
Support Sporcle.
Get the best of Sporcle when you Go Orange. This ad-free experience offers more features, more stats, and more fun while also helping to support Sporcle. Thank you for becoming a member.

Show Comments

Extras

Top Quizzes Today


Score Distribution

Your Account Isn't Verified!

In order to create a playlist on Sporcle, you need to verify the email address you used during registration. Go to your Sporcle Settings to finish the process.

Report this User

Report this user for behavior that violates our Community Guidelines.

Details: